=LDR 00000nam 2200000 4500 =001 INLIS000000000018681 =005 20130612113832 =008 ***********************************Ind** =035 ##$$0010-061300000018681 =041 ##$$a Ind =082 ##$$a 398.304 =090 ##$$a 398.304, Han o =100 ##$$a HANAFI, Hassan =245 ##$$a Oposisi pasca tradisi, Hassan Hanafi =260 ##$$a 2003 $b Yogyakarta =300 ##$$a ix, 306 hlm., 21 cm =650 ##$$a TRADISI KEKUASAAN DAN OPERASI =850 ##$$a NBPNMAT =990 ##$$a 0139/BPAP-NTB/2015 =990 ##$$a 0140/BPAP-NTB/2015 =990 ##$$a 0001/BPAP-NTB/2015 =990 ##$$a 0001/BPAP-NTB/2015